| 000 | 00548nam a2200181 i 4500 | ||
|---|---|---|---|
| 001 | 32388 | ||
| 003 | ES-MaACL | ||
| 005 | 20250910202026.0 | ||
| 007 | t| | ||
| 008 | 030131s1921 sp ||||1| spa d | ||
| 100 | 1 |
_aBennett, Arnold. _927731 |
|
| 245 | 1 | 0 |
_aEnterrado en vida / _cArnold Bennett ; novela traducida del inglés por Vicente Vera. |
| 260 |
_aMadrid : _b[s.n., _c1921] ( _fGráficas Reunidas) |
||
| 300 |
_a287 p. ; _c19 cm. |
||
| 700 | 1 |
_aVera, Vicente, _d1855-1934 _9113953 |
|
| 852 |
_aES-MaACL _jF-11904 |
||
| 999 |
_c32388 _d32388 |
||